| 000 | 00480nam a2200181Ia 4500 | ||
|---|---|---|---|
| 999 |
_c5565 _d5565 |
||
| 020 | _a81-7036-910-X | ||
| 082 | _a320.954 POL- | ||
| 245 | 0 | _aPolitics and the state in India | |
| 260 |
_aNew Delhi _bSage Publications _c2000 |
||
| 300 | _a388 | ||
| 440 | _aReadings in Indian government and politics | ||
| 504 | _aincludes index | ||
| 650 |
_aIndia _vPolitics and government |
||
| 700 | _aHasan, Zoya | ||
| 700 | _aMathur, Kuldeep | ||
| 700 | _aShah, Ghanshyam | ||
| 942 | _cBK | ||